Statistics for Guess the Map

Click here to take the quiz!

General Stats

  • This quiz has been taken 1,414 times
    (1,298 since last reset)
  • The average score is 5 of 10

Answer Stats

Answer% Correct
{NATO} countries
93%
French Colonial Empire
69%
Members of {the} {Commonwealth}
69%
Greater German Reich
64%
{Language} families
63%
Countries that {drive} {on} {the} {left}
50%
{BRICS} countries
43%
Percentage of {Buddhist} population by country
31%
Type of {electrical} {plug} used
20%
Distribution of the {Cyrillic} {script}
17%

Score Distribution

Percentile by Number Answered

Percent of People with Each Score

Your Score History

You have not taken this quiz since the last reset